Southville International School and Colleges
Your cart is empty.
  • Cart
  • Lists
    Public lists Eva Luna New books Lux_list list_1
    Your lists Log in to create your own lists
  • Log in to your account
  • Your cookies
  • Search history
Southville International School and Colleges
  • Advanced search
  • Recent comments
  • Most popular
  • Libraries

Log in to your account

Log in with GOOGLE


If you do not have an external account, but do have a local account, you can still log in:

  1. Home
  2. MARC view: The tragedy of Hamlet, Prince of Denmark /
Normal view MARC view ISBD view

The tragedy of Hamlet, Prince of Denmark / (Record no. 2524)

[ view plain ]
MARC details
000 -LEADER
fixed length control field 00815nam a22002537a 4500
003 - CONTROL NUMBER IDENTIFIER
control field SISC
005 - DATE AND TIME OF LATEST TRANSACTION
control field 20160304151214.0
008 - FIXED-LENGTH DATA ELEMENTS--GENERAL INFORMATION
fixed length control field 130319t xxu||||| |||| 00| 0 eng d
050 ## - LIBRARY OF CONGRESS CALL NUMBER
Classification number PR 2807.A2
Item number .Sh527 1961
050 ## - LIBRARY OF CONGRESS CALL NUMBER
Classification number PR 2807
Item number .Sh527 1958
082 ## - DEWEY DECIMAL CLASSIFICATION NUMBER
Classification number TR 822.33S7
Item number Sh1 1961
082 ## - DEWEY DECIMAL CLASSIFICATION NUMBER
Classification number HS 822.33S7
Item number Sh1 1958
100 ## - MAIN ENTRY--PERSONAL NAME
Personal name Shakespeare, William
9 (RLIN) 1777
245 ## - TITLE STATEMENT
Title The tragedy of Hamlet, Prince of Denmark /
Statement of responsibility, etc William Shakespeare
260 ## - PUBLICATION, DISTRIBUTION, ETC. (IMPRINT)
Place of publication, distribution, etc New York :
Name of publisher, distributor, etc Living Shakespeare, Inc,
Date of publication, distribution, etc c1961.
260 ## - PUBLICATION, DISTRIBUTION, ETC. (IMPRINT)
Place of publication, distribution, etc New York :
Name of publisher, distributor, etc Washington Square Press,
Date of publication, distribution, etc c1958
300 ## - PHYSICAL DESCRIPTION
Extent xliii, 147 p. :
Dimensions 17 cm.
562 ## - COPY AND VERSION IDENTIFICATION NOTE
Number of copies 1
650 ## - SUBJECT ADDED ENTRY--TOPICAL TERM
Topical term or geographic name as entry element Shakespeare, William 1564-1616
General subdivision Hamlet
9 (RLIN) 1778
650 ## - SUBJECT ADDED ENTRY--TOPICAL TERM
Topical term or geographic name as entry element Shakespeare, William ,1564-1616
General subdivision Tragedies
9 (RLIN) 1779
942 ## - ADDED ENTRY ELEMENTS (KOHA)
Source of classification or shelving scheme Library of Congress Classification
Koha item type Books
942 ## - ADDED ENTRY ELEMENTS (KOHA)
Source of classification or shelving scheme Library of Congress Classification
Classification part HS
Holdings
Withdrawn status Lost status Source of classification or shelving scheme Damaged status Home library Current library Shelving location Date acquired Total Checkouts Full call number Barcode Date last seen Copy number Price effective from Koha item type Date checked out
    Library of Congress Classification   Luxembourg Library Luxembourg Library Teachers Reference Section 07/18/2013   PR 2807.A2 .Sh527 1961 11231 05/25/2015 1 10/03/2013 Books  
    Library of Congress Classification   Luxembourg Library Luxembourg Library High School Section 08/24/2013   PR 2807 .Sh527 1958 6056 03/04/2016 1 08/24/2013 Books  
    Library of Congress Classification   Luxembourg Library Luxembourg Library High School Section 08/24/2013 2 PR 2807 .Sh527 1992 7697 09/04/2025 1 08/24/2013 Books 10/16/2024

The tragedy of Hamlet, Prince of Denmark /

APA

Shakespeare W., . (1961). The tragedy of Hamlet, Prince of Denmark. New York: Living Shakespeare, Inc.

Chicago

Shakespeare William, . 1961. The tragedy of Hamlet, Prince of Denmark. New York: Living Shakespeare, Inc.

Harvard

Shakespeare W., . (1961). The tragedy of Hamlet, Prince of Denmark. New York: Living Shakespeare, Inc.

MLA

Shakespeare William, . The tragedy of Hamlet, Prince of Denmark. New York: Living Shakespeare, Inc. 1961.

  • Place hold
  • Print
  • Cite
  • Add to your cart (remove)
  • Save record
    BIBTEX Dublin Core MARCXML MARC (non-Unicode/MARC-8) MARC (Unicode/UTF-8) MARC (Unicode/UTF-8, Standard) MODS (XML) RIS
  • More searches
    Search for this title in:
    Other Libraries (WorldCat) Other Databases (Google Scholar) Online Stores (Bookfinder.com) Open Library (openlibrary.org)

Exporting to Dublin Core...

SOUTHVILLE LIBRARY

Southville International School and Colleges Library

1281 Tropical Ave. Cor. Luxembourg St., BF Homes International, Las Pinas City

Tel. No. 8256374 / 252358 Loc. 117/146

Powered by Koha